书目信息 |
| 题名: |
图案基础技法
|
|
| 作者: | 赵茂生 编绘 | |
| 分册: | ||
| 出版信息: | 北京 人民美术出版社 1998.05 |
|
| 页数: | 40页 | |
| 开本: | 16开 | |
| 丛书名: | ||
| 单 册: | ||
| 中图分类: | J522 | |
| 科图分类: | ||
| 主题词: | 工艺美术--中国 | |
| 电子资源: | ||
| ISBN: | 7-102-01919-X | |
| 000 | 00545nam0 2200193 45 | |
| 001 | 0008181523 | |
| 005 | 20000818154251.4 | |
| 010 | @a7-102-01919-X@d14.80元 | |
| 100 | @a20000818d1998 km y0chiy0120 ea | |
| 101 | 0 | @achi |
| 105 | @a z 000yy | |
| 200 | 1 | @a图案基础技法@ATu An Ji Chu Ji Fa@f赵茂生 编绘@FZhao Mao Sheng Bian Hui |
| 210 | @a北京@c人民美术出版社@d1998.05 | |
| 215 | @a40页@d16开 | |
| 606 | 0 | @a工艺美术@x中国 |
| 690 | @aJ522@v3 | |
| 701 | 0 | @a赵茂生@4编绘 |
| 801 | @aCN@bPftUser@c20000818 | |
| 905 | @b110884-888@dJ522@eZH788@f5 | |
| 图案基础技法/赵茂生 编绘.-北京:人民美术出版社,1998.05 |
| 40页;16开 |
| ISBN 7-102-01919-X:14.80元 |
| ● |
| 相关链接 |
|
|
|
正题名:图案基础技法
索取号:J522/ZH788
 
预约/预借
| 序号 | 登录号 | 条形码 | 馆藏地/架位号 | 状态 | 备注 |
| 1 | 110884 | 201108844 | 期刊室512/309社科库 87排2列6层/ [索取号:J522/ZH788] | 在馆 | |
| 2 | 110885 | 201108853 | 自科二线404/309社科库 86排3列2层/ [索取号:J522/ZH788] | 在馆 | |
| 3 | 110886 | 201108862 | 期刊室512/309社科库 87排2列6层/ [索取号:J522/ZH788] | 在馆 | |
| 4 | 110887 | 201108871 | 社科库309/309社科库 86排3列2层/ [索取号:J522/ZH788] | 在馆 | |
| 5 | 110888 | 201108880 | 社科库309/309社科库 86排3列2层/ [索取号:J522/ZH788] | 在馆 |